[Event "XXV OOM - Mistrzostwa Polski Juniorow Mlodszych - Chlopcy do lat 12"]
[Site "Sielpia"]
[Date "1899-12-30"]
[Round "4.23"]
[White "Zieba, Hubert"]
[Black "Kolendo, Kajetan"]
[Result "1/2-1/2"]
[WhiteTitle "I"]
[BlackTitle "II"]
[WhiteElo "1419"]
[BlackElo "1197"]

1. c4 e6 2. g3 d5 3. Bg2 c5 4. Nf3 Nc6 5. O-O Nf6 6. b3 Be7 7. d3 O-O 8. Bb2 b6
9. Nbd2 Bb7 10. a3 Qc7 11. Qc2 d4 12. e4 dxe3 13. fxe3 Ng4 14. Rae1 Bf6 15. Bxf6
Nxf6 16. d4 cxd4 17. exd4 Rad8 18. Qc3 Qd7 19. Ne4 Nxe4 20. Rxe4 f5 21. Ree1 Nxd4
22. Qxd4 Qxd4+ 23. Nxd4 Bxg2 24. Kxg2 Rxd4 25. Rxe6 Rd2+ 26. Rf2 Rd3 27. Rf3 Rd2+
28. Kg1 Rd1+ 29. Kf2 Rd2+ 30. Re2 Rxe2+ 31. Kxe2 g5 32. Rd3 Re8+ 33. Kf2 Re7 34.
Rf3 Re5 35. Rd3 Re7 36. Rd5 Rf7 37. Ke3 Kg7 38. b4 Re7+ 39. Kd3 Kf6 40. Rd4 Ke5
41. Ke3 Kf6+ 42. Kf3 Ke5 43. Rd2 Kf6 44. h3 Re4 45. Rc2 Ke5 46. c5 bxc5 47. Rxc5+
Ke6 48. Rc7 a5 49. bxa5 Ra4 50. Rc3 Ke5 1/2-1/2

[Event "XXV OOM - Mistrzostwa Polski Juniorow Mlodszych - Chlopcy do lat 12"]
[Site "Sielpia"]
[Date "1899-12-30"]
[Round "4.24"]
[White "Kozera, Dawid"]
[Black "Jaskiewicz, Kacper"]
[Result "1/2-1/2"]
[WhiteTitle "II"]
[BlackTitle "II"]
[WhiteElo "1280"]
[BlackElo "1372"]

1. e4 c5 2. Nf3 Nc6 3. d4 cxd4 4. Nxd4 Nf6 5. Nc3 e5 6. Ndb5 Bb4 7. a3 Bxc3+ 8.
Nxc3 d6 9. Bg5 h6 10. Bh4 Be6 11. Be2 a6 12. O-O Nd4 13. Bd3 g5 14. Bg3 h5 15.
f3 h4 16. Bf2 g4 17. Bxd4 exd4 18. Nd5 g3 19. h3 Bxd5 20. exd5 Nxd5 21. Re1+ Kd7
22. Bf5+ Kc7 23. Qxd4 Nb6 24. Rad1 d5 25. Qe5+ Qd6 26. Qe7+ Qxe7 27. Rxe7+ Kc6
28. Rxf7 Rae8 29. Rf6+ Kc7 30. Re6 Rxe6 31. Bxe6 Re8 32. Bf7 Re2 33. Bg6 Kc6 34.
Kf1 Rf2+ 35. Kg1 Nc4 36. Rf1 Rd2 37. Re1 Ne3 38. Bd3 Rxg2+ 39. Kh1 Rh2+ 40. Kg1
Nc4 41. Bxc4 dxc4 42. Re4 Rxh3 43. Rxc4+ Kb6 44. Rg4 Rh2 45. b3 Rxc2 46. Rxh4
Rc3 47. Rb4+ Ka7 48. Kg2 a5 49. Rb5 a4 50. Ra5+ Kb6 51. Rxa4 Rxb3 52. Kxg3 Kb5
53. Ra7 Kb6 54. Ra8 Kc6 55. Kg4 1/2-1/2

[Event "XXV OOM - Mistrzostwa Polski Juniorow Mlodszych - Chlopcy do lat 12"]
[Site "Sielpia"]
[Date "1899-12-30"]
[Round "4.25"]
[White "Krasniewski, Maciej"]
[Black "Iwaszkiewicz, Grzegorz"]
[Result "1/2-1/2"]
[WhiteTitle "I"]
[BlackTitle "II"]
[WhiteElo "1537"]
[BlackElo "1403"]

1. e4 c5 2. Nf3 e6 3. d4 cxd4 4. Nxd4 Nf6 5. Nc3 Nc6 6. Nxc6 bxc6 7. e5 Nd5 8.
Ne4 Bb7 9. c4 Nb4 10. a3 Na6 11. Bd2 c5 12. Nd6+ Bxd6 13. exd6 O-O 14. Bd3 Rb8
15. Qg4 Qb6 16. Bc3 f6 17. Qh5 f5 18. Qe2 Rf7 19. Rg1 Re8 20. g4 Qxd6 21. gxf5
Qxh2 22. O-O-O Ree7 23. Kb1 exf5 24. Qc2 f4 25. Rge1 Bf3 26. Rc1 Nc7 27. Be4 Bxe4
28. Rxe4 Rxe4 29. Qxe4 Qh3 30. Rd1 Qe6 31. Qd3 f3 32. Re1 Qf5 33. Qxf5 Rxf5 34.
Kc2 h5 35. Re7 Rf7 36. Re5 Ne6 37. Rxh5 Rf4 38. Kd3 Rg4 39. Ke3 Rxc4 40. Rd5 Rf4
41. Rxd7 Rf7 42. Rxf7 Kxf7 43. Kxf3 g6 44. Ke4 Ke7 45. Ke5 a6 1/2-1/2

[Event "XXV OOM - Mistrzostwa Polski Juniorow Mlodszych - Chlopcy do lat 12"]
[Site "Sielpia"]
[Date "1899-12-30"]
[Round "4.26"]
[White "Adamala, Jacek"]
[Black "Baszczynski, Gabriel"]
[Result "1-0"]
[WhiteTitle "II"]
[BlackTitle "II+"]
[WhiteElo "1317"]
[BlackElo "1501"]

1. e4 c5 2. Nf3 e6 3. d4 cxd4 4. Nxd4 a6 5. Bd3 Nf6 6. O-O e5 7. Nb3 Be7 8. c4
d6 9. Nc3 Nc6 10. Nd5 O-O 11. Be3 Be6 12. f3 a5 13. Rc1 Bxd5 14. cxd5 Nb4 15.
a3 Nxd3 16. Qxd3 Qd7 17. Rc2 Ne8 18. Rfc1 Bd8 19. Nd2 b5 20. Rc6 a4 21. Qxb5 f5
22. exf5 Qxf5 23. Ne4 Qg6 24. Kh1 Bc7 25. Rxc7 Nxc7 26. Rxc7 Rab8 27. Rb7 Rbc8
28. Qxa4 h6 29. Rd7 Rb8 30. Rxd6 Qf5 31. Rb6 Rxb6 32. Bxb6 Rc8 33. Be3 Rb8 34.
b3 g5 35. h3 Qf7 36. Qc4 Kg7 37. Qc3 Rd8 38. Qxe5+ Kf8 39. Bc5+ Kg8 40. Nf6+ Kh8
41. Qe7 Qxe7 42. Bxe7 Rc8 43. d6 1-0

[Event "XXV OOM - Mistrzostwa Polski Juniorow Mlodszych - Chlopcy do lat 12"]
[Site "Sielpia"]
[Date "1899-12-30"]
[Round "5.1"]
[White "Seemann, Jakub"]
[Black "Fiszer, Bartosz"]
[Result "0-1"]
[WhiteTitle "I"]
[BlackTitle "CM"]
[WhiteElo "2012"]
[BlackElo "2119"]

1. e4 c5 2. Nf3 Nc6 3. d4 cxd4 4. Nxd4 e5 5. Nb5 d6 6. N1c3 a6 7. Na3 Be7 8. Nc4
b5 9. Ne3 Nf6 10. Ned5 O-O 11. Be2 Nxd5 12. Nxd5 Bg5 13. c3 Bxc1 14. Rxc1 Ne7
15. O-O Nxd5 16. Qxd5 Be6 17. Qc6 d5 18. Rfd1 d4 19. cxd4 exd4 20. Qc5 Rc8 21.
Qa3 Qb6 22. Rc2 Rc6 23. Rxc6 Rd8 24. Rc8 Rxc8 25. Qb4 Rd8 26. a3 h6 27. h3 Qc7
28. Rxd4 Qc1+ 29. Kh2 Qf4+ 30. Kg1 Qc1+ 31. Kh2 Qf4+ 32. Kg1 Rc8 33. g3 Rc1+ 34.
Kg2 Bxh3+ 35. Kxh3 Qxf2 36. Rd8+ Kh7 37. Qd4 Rh1+ 38. Kg4 h5+ 0-1

[Event "XXV OOM - Mistrzostwa Polski Juniorow Mlodszych - Chlopcy do lat 12"]
[Site "Sielpia"]
[Date "1899-12-30"]
[Round "5.2"]
[White "Starosciak, Szymon"]
[Black "Meers, Hubert"]
[Result "0-1"]
[WhiteTitle "II+"]
[BlackTitle "I++"]
[WhiteElo "1661"]
[BlackElo "2022"]

1. e4 c5 2. Nf3 d6 3. d4 Nf6 4. Nc3 cxd4 5. Nxd4 Nc6 6. Bc4 Bd7 7. Bb3 Rc8 8. h3
g6 9. Be3 Bg7 10. Qd2 O-O 11. O-O-O Na5 12. f3 a6 13. g4 b5 14. h4 b4 15. Nce2
Nxb3+ 16. Nxb3 a5 17. h5 a4 18. Nbd4 Rb8 19. hxg6 fxg6 20. Nf4 Qc8 21. g5 Nh5
22. Nd5 Rf7 23. Nxb4 Qc4 24. a3 Ng3 25. Rhg1 Bxd4 26. Rxg3 Be5 27. f4 Bg7 28.
Qd3 Qc7 29. e5 Bf5 30. Qd2 dxe5 31. Na6 Qb7 32. Nxb8 exf4 33. Qb4 Qxb4 34. axb4
fxg3 35. b5 Rf8 36. Nc6 Kf7 37. Nd8+ Ke8 38. b6 Bd7 39. Nb7 g2 40. Nc5 Rf1 41.
b7 Be5 42. Bg1 Bf4+ 43. Kb1 Rxd1+ 44. Ka2 Rxg1 0-1

[Event "XXV OOM - Mistrzostwa Polski Juniorow Mlodszych - Chlopcy do lat 12"]
[Site "Sielpia"]
[Date "1899-12-30"]
[Round "5.3"]
[White "Malek, Jan"]
[Black "Madej, Marek"]
[Result "1/2-1/2"]
[WhiteTitle "II"]
[BlackTitle "I"]
[WhiteElo "1502"]
[BlackElo "1847"]

1. e4 e5 2. Nf3 Nc6 3. Bb5 g6 4. O-O Bg7 5. c3 Nge7 6. h3 O-O 7. d4 exd4 8. cxd4
d5 9. e5 f6 10. Re1 fxe5 11. Nxe5 Nxe5 12. dxe5 c6 13. Bd3 Bf5 14. Bg5 h6 15.
Bh4 g5 16. Bg3 Qb6 17. Nc3 Qxb2 18. Na4 Qa3 19. Re3 Qb4 20. Rb1 Qd4 21. Rxb7 Rfe8
22. Qc2 Bxd3 23. Rxd3 Qe4 24. Nc5 Qe1+ 25. Kh2 Rab8 26. Re3 Qa1 27. Nb3 Qf1 28.
Rxa7 h5 29. e6 d4 30. Qd3 Qxd3 31. Rxd3 Rbc8 32. Nxd4 Bxd4 33. Rxd4 Nd5 34. Re4
Nf4 35. Bxf4 gxf4 36. e7 c5 37. Raa4 Kf7 38. Rxf4+ Kxe7 39. Rfe4+ Kd6 40. Rxe8
Rxe8 41. Kg3 Kd5 42. Ra7 c4 43. Kf3 c3 44. Rc7 Kd4 45. Rd7+ Kc4 46. g4 c2 47.
Rc7+ Kd3 48. gxh5 Kd2 49. Kg4 Rg8+ 50. Kf5 Rf8+ 51. Kg6 Rxf2 52. h6 Rg2+ 53. Kf7
Rh2 54. h7 Rxh3 55. Kg8 Rg3+ 56. Kf8 Rf3+ 57. Rf7 Rh3 1/2-1/2

[Event "XXV OOM - Mistrzostwa Polski Juniorow Mlodszych - Chlopcy do lat 12"]
[Site "Sielpia"]
[Date "1899-12-30"]
[Round "5.4"]
[White "Krawczyk, Flawian"]
[Black "Kutowski, Marcel"]
[Result "0-1"]
[WhiteTitle "II"]
[BlackTitle "I"]
[WhiteElo "1800"]
[BlackElo "1604"]

1. e4 d5 2. exd5 Qxd5 3. Nf3 Nf6 4. d4 Bf5 5. Be2 e6 6. O-O Be7 7. c4 Qd6 8. Nc3
c6 9. Ne5 O-O 10. Be3 a6 11. Qb3 b5 12. Bf3 Ra7 13. c5 Qc7 14. Bf4 Qb7 15. Rac1
Rd8 16. Rfd1 Qc8 17. a3 Nfd7 18. Ne4 Bxe4 19. Bxe4 Nxe5 20. Bxe5 Nd7 21. Bg3 Nf6
22. Qf3 Nxe4 23. Qxe4 Rd5 24. Rc3 Rad7 25. Rcd3 Qd8 26. b4 a5 27. Be5 axb4 28.
axb4 Ra7 29. Rf3 Qa8 30. Rh3 h6 31. Qg4 Bf8 32. g3 Qd8 33. Re1 Qg5 34. Qe2 Ra4
35. Rh4 Rxb4 36. Rg4 Rxe5 37. dxe5 Qxg4 38. Qd2 Qd4 39. Qc1 Rb2 40. Rf1 Bxc5 41.
Qa1 Rxf2 42. Qxd4 Rxf1+ 0-1

[Event "XXV OOM - Mistrzostwa Polski Juniorow Mlodszych - Chlopcy do lat 12"]
[Site "Sielpia"]
[Date "1899-12-30"]
[Round "5.5"]
[White "Kejna, Piotr"]
[Black "Wiatrowski, Zbigniew"]
[Result "1/2-1/2"]
[WhiteTitle "CM"]
[BlackTitle "I"]
[WhiteElo "1787"]
[BlackElo "1597"]

1. e4 c5 2. Nf3 Nc6 3. d4 cxd4 4. Nxd4 Nf6 5. Nc3 e5 6. Ndb5 d6 7. Bg5 a6 8. Na3
b5 9. Nd5 Be7 10. Bxf6 Bxf6 11. c3 Bg5 12. Nc2 O-O 13. a4 bxa4 14. Rxa4 a5 15.
Na3 f5 16. h4 Be7 17. Nxe7+ Nxe7 18. Nc4 fxe4 19. Nxd6 Be6 20. Qd2 e3 21. fxe3
Bd5 22. c4 Bc6 23. Ra1 Nf5 24. Nxf5 Qxd2+ 25. Kxd2 Rxf5 26. Ke1 Rb8 27. Ra2 Rb3
28. Ke2 Be4 29. Rg1 Bb1 30. Rxa5 Rxb2+ 31. Ke1 Rff2 32. Rxe5 Rfc2 33. Rd5 Ba2
34. Rd1 Bb3 35. Ra1 Rc3 36. Be2 Rxe3 37. Ra8+ Kf7 38. Rf1+ Ke7 39. Ra7+ Kd6 40.
c5+ Kxc5 41. Rf2 Bc4 42. Rc7+ Kd5 43. Rxc4 Rexe2+ 44. Rxe2 Rxe2+ 45. Kxe2 Kxc4
46. Ke3 Kd5 47. Kf4 Ke6 48. Kg5 Ke5 49. h5 Ke4 50. g3 Ke5 51. g4 Ke4 52. h6 gxh6+
1/2-1/2

[Event "XXV OOM - Mistrzostwa Polski Juniorow Mlodszych - Chlopcy do lat 12"]
[Site "Sielpia"]
[Date "1899-12-30"]
[Round "5.6"]
[White "Klimkowski, Jan"]
[Black "Borowik, Wojciech"]
[Result "1-0"]
[WhiteTitle "I"]
[BlackTitle "I"]
[WhiteElo "2024"]
[BlackElo "1556"]

1. d4 Nf6 2. c4 g6 3. g3 Bg7 4. Bg2 d6 5. Nf3 O-O 6. O-O c6 7. Nc3 Bg4 8. Re1 Qc7
9. h3 Bxf3 10. Bxf3 Nbd7 11. Bg2 Rad8 12. e4 e5 13. d5 c5 14. Be3 Ne8 15. f3 f5
16. g4 Nb6 17. Qe2 Qf7 18. a3 h5 19. b4 hxg4 20. hxg4 Nd7 21. Bh3 f4 22. Bf2 g5
23. bxc5 Nxc5 24. Bxc5 dxc5 25. Rab1 Nd6 26. Rb3 Rb8 27. Reb1 Qc7 28. Nb5 Nxb5
29. Rxb5 b6 30. a4 Rfc8 31. Qb2 Bf6 32. Bf1 Bd8 33. Qa1 Qd6 34. R5b2 a5 35. Rh2
Rc7 36. Rbb2 Rbb7 37. Rh5 Rh7 38. Rbh2 Rxh5 39. gxh5 Rh7 40. Bh3 Kg7 41. Bf5 Rh8
42. Qb2 Kh6 43. Qb5 Bc7 44. Kg2 Rd8 45. Kh3 Rf8 46. Kg4 Rh8 47. Rd2 Rd8 48. Rd1
Kg7 49. Be6 Kh6 50. Rd2 Rf8 51. Qc6 Rd8 52. Qxd6 Bxd6 53. Kf5 Rf8+ 54. Bf7 Rd8
55. Rg2 Rf8 56. Ke6 Rd8 57. Bg6 Bc7 58. Ke7 Rd6 59. Be8 Rd8 60. Bd7 Rg8 61. d6
Rg7+ 62. Ke6 Bd8 63. Be8 g4 64. fxg4 f3 65. Rf2 Rxg4 66. Rxf3 Rxe4 67. Bb5 Re1
68. d7 e4 69. Rf8 Bh4 70. d8=Q Bxd8 71. Rxd8 e3 72. Rd5 e2 73. Re5 Rf1 74. Rxe2
Kxh5 75. Kd6 Kg5 76. Kc7 Rf6 77. Bc6 Rf4 78. Bd5 b5 79. axb5 a4 80. b6 Rh4 81.
b7 Rh7+ 82. Kb6 Rh6+ 83. Kxc5 Rh8 84. Ra2 Kf6 85. Rxa4 Ke7 86. Ra8 Re8 87. Rxe8+
Kd7 88. Bc6+ Kc7 89. b8=Q# 1-0

[Event "XXV OOM - Mistrzostwa Polski Juniorow Mlodszych - Chlopcy do lat 12"]
[Site "Sielpia"]
[Date "1899-12-30"]
[Round "5.7"]
[White "Dziewonski, Dariusz"]
[Black "Klim, Filip"]
[Result "0-1"]
[WhiteTitle "I"]
[BlackTitle "I"]
[WhiteElo "1817"]
[BlackElo "1543"]

1. e4 e5 2. Nf3 Nc6 3. Bc4 Bc5 4. O-O Nf6 5. d3 a6 6. a4 d6 7. c3 Ba7 8. Re1 h6
9. h3 g5 10. Nh2 Rg8 11. Be3 g4 12. hxg4 Bxg4 13. Nxg4 Nxg4 14. Qf3 Qd7 15. Bxa7
Nxa7 16. b4 Rg7 17. Qh3 O-O-O 18. f3 Nf6 19. Qxd7+ Kxd7 20. d4 Rdg8 21. Ra2 exd4
22. cxd4 Nc6 23. e5 Nh7 24. Bxf7 Rf8 25. e6+ Ke7 26. f4 Nxd4 27. Re4 Nf5 28. Rc2
c6 29. Nd2 Nf6 30. Re1 Nd5 31. Nc4 Nd4 32. Rf2 Nf5 33. b5 axb5 34. axb5 cxb5 35.
Na5 Rb8 36. Rb1 b4 37. Rd1 Nc7 38. Re2 h5 39. Rb1 Nd5 40. Rf1 Ng3 41. Rd2 Nxf1
42. Rxd5 Ne3 43. Rd2 h4 44. Kh2 Nf1+ 45. Kg1 Nxd2 46. f5 Rxf7 47. exf7 Kxf7 48.
g4 hxg3 49. Kh1 b3 50. f6 b2 51. Kg2 b1=Q 52. Kh3 Rh8+ 53. Kxg3 Qe4 0-1

[Event "XXV OOM - Mistrzostwa Polski Juniorow Mlodszych - Chlopcy do lat 12"]
[Site "Sielpia"]
[Date "1899-12-30"]
[Round "5.8"]
[White "Karwacki, Piotr"]
[Black "Rog, Bartlomiej"]
[Result "1/2-1/2"]
[WhiteTitle "I"]
[BlackTitle "I"]
[WhiteElo "1813"]
[BlackElo "1491"]

1. e4 e5 2. Nf3 Nc6 3. Bb5 a6 4. Bxc6 dxc6 5. d4 exd4 6. Qxd4 Qxd4 7. Nxd4 Bd6
8. Be3 Nf6 9. f3 Bd7 10. Nd2 O-O-O 11. Nc4 Rhe8 12. O-O-O h6 13. g3 Bh3 14. Rhg1
h5 15. c3 Nd7 16. g4 g6 17. Nxd6+ cxd6 18. gxh5 Ne5 19. Rg3 Be6 20. hxg6 Nxg6
21. h4 Bxa2 22. b3 c5 23. Nf5 Bxb3 24. Nxd6+ Kb8 25. Rd2 Re6 26. Bxc5 Nxh4 27.
Rb2 Rexd6 28. Bxd6+ Rxd6 29. Rxb3 Rf6 30. c4 Rc6 31. Rc3 b5 32. Rg8+ Kb7 33. Rg7
Rc7 34. c5 b4 35. Rb3 a5 36. Kd2 Kc6 37. Rh7 Ng6 38. Rb1 Kb5 39. Ke3 a4 40. c6
a3 41. Rh5+ Ka4 42. Rc5 a2 43. Ra1 b3 44. Kd4 Kb4 45. Rc4+ Ka3 46. Kc3 b2 47.
Ra4+ Kxa4 1/2-1/2

[Event "XXV OOM - Mistrzostwa Polski Juniorow Mlodszych - Chlopcy do lat 12"]
[Site "Sielpia"]
[Date "1899-12-30"]
[Round "5.9"]
[White "Karp, Kacper"]
[Black "Trzebinski, Patryk"]
[Result "0-1"]
[WhiteTitle "II+"]
[BlackTitle "I"]
[WhiteElo "1571"]
[BlackElo "1793"]

1. e4 d5 2. exd5 Nf6 3. d4 Nxd5 4. c4 Nb6 5. Nf3 Bg4 6. c5 N6d7 7. Be2 e6 8. Qb3
b6 9. O-O Be7 10. Nc3 O-O 11. cxb6 cxb6 12. h3 Bf5 13. Ne5 Nxe5 14. dxe5 Nc6 15.
Rd1 Qc7 16. Bf3 Rac8 17. Bxc6 Qxc6 18. Bf4 Rfd8 19. Rac1 g5 20. Nd5 Qb7 21. Nxe7+
Qxe7 22. Qg3 Rxc1 23. Rxc1 h6 24. Be3 Kh7 25. Qf3 Rg8 26. g4 Bg6 27. Qc6 Qb4 28.
b3 Qa5 29. Qa4 Qd5 30. Qd4 Qf3 31. Kh2 Be4 32. Rg1 Rc8 33. Qd1 Rc2 34. Qxf3 Bxf3
35. Rc1 Rxa2 36. Rc7 Kg7 37. Rc3 Bd5 38. b4 a5 39. b5 Rb2 40. Bxb6 Rxb5 41. Bd8
Bb7 42. Bf6+ Kg6 43. Rd3 Bd5 44. Rc3 Rb1 45. f3 Rb8 46. Ra3 Ra8 47. Be7 a4 48.
Bd6 Ra6 49. Kg3 Bb3 50. Kf2 Rc6 51. Kg3 f5 52. Bb4 f4+ 53. Kf2 Rc2+ 54. Kg1 Kf7
55. Be1 Re2 56. Bc3 Re3 57. Bd4 Rxf3 58. Kg2 Rg3+ 59. Kh2 Rd3 60. Bc5 Rd1 61.
Bd6 Bd5 0-1

[Event "XXV OOM - Mistrzostwa Polski Juniorow Mlodszych - Chlopcy do lat 12"]
[Site "Sielpia"]
[Date "1899-12-30"]
[Round "5.10"]
[White "Herwy, Jakub"]
[Black "Jaworski, Tymon"]
[Result "1-0"]
[WhiteTitle "I+"]
[BlackTitle "II+"]
[WhiteElo "1713"]
[BlackElo "1498"]

1. e4 e5 2. Nf3 Nc6 3. Bb5 a6 4. Ba4 Nf6 5. O-O Be7 6. Bxc6 dxc6 7. d3 Bg4 8. Nbd2
Nd7 9. Nc4 O-O 10. h3 Bxf3 11. Qxf3 Bd6 12. b3 Qf6 13. Qxf6 Nxf6 14. Bg5 Bc5 15.
Bxf6 gxf6 16. g3 Rad8 17. Kg2 Bd4 18. Rad1 Bc3 19. Ne3 Kh8 20. Kf3 Rg8 21. Nf5
Rg5 22. h4 Rg6 23. g4 Bd4 24. Rg1 Re8 25. Rg2 b5 26. Rdg1 b4 27. g5 Bc5 28. h5
Rxg5 29. Rxg5 fxg5 30. Rxg5 Rg8 31. Nh6 Rxg5 32. Nxf7+ Kg7 33. Nxg5 Bd6 34. Kg4
h6 35. Nf3 Kf6 36. Nh4 Bc5 37. Nf5 Bxf2 38. Nxh6 Be3 39. Nf5 Bd2 40. Nh4 c5 41.
Nf3 Bh6 42. Kh4 Bf4 43. Ng1 Bh6 44. Nh3 Be3 45. Kg4 Bh6 46. Kf3 Bg7 47. Kg3 Bh8
48. Kh4 Bg7 49. Nf2 Bh6 50. Ng4+ Kg7 51. Nxh6 Kxh6 52. Kg4 a5 53. Kf5 Kxh5 54.
Kxe5 Kg5 55. Kd5 Kf4 56. Kxc5 Ke5 57. Kc4 Kd6 58. d4 c6 59. e5+ Kd7 60. c3 bxc3
61. Kxc3 Kc7 62. a4 Kd7 63. b4 axb4+ 64. Kxb4 Kc7 65. Kc5 Kd7 66. a5 Kc7 67. a6
Kb8 68. Kxc6 Kc8 69. a7 Kd8 70. Kd6 Kc8 71. a8=Q# 1-0

[Event "XXV OOM - Mistrzostwa Polski Juniorow Mlodszych - Chlopcy do lat 12"]
[Site "Sielpia"]
[Date "1899-12-30"]
[Round "5.11"]
[White "Janeczko, Jakub"]
[Black "Pancewicz, Szymon"]
[Result "1/2-1/2"]
[WhiteTitle "I"]
[BlackTitle "I"]
[WhiteElo "1544"]
[BlackElo "1605"]

1. e4 c5 2. Nf3 e6 3. d4 cxd4 4. Nxd4 Nf6 5. Nc3 Nc6 6. Nxc6 bxc6 7. Bd3 d5 8.
O-O Be7 9. Re1 O-O 10. Qf3 Qc7 11. h3 d4 12. Nb1 e5 13. Nd2 Be6 14. Nc4 Nd7 15.
Qg3 f6 16. Bd2 Nb6 17. Na5 c5 18. b3 c4 19. bxc4 Nxc4 20. Nxc4 Bxc4 21. Bh6 Rf7
22. Reb1 Bxd3 23. cxd3 Rb8 24. Rc1 Qb7 25. Kh2 Kh8 26. Bd2 Rff8 27. Ba5 Rfc8 28.
Qg4 h6 29. Rab1 Rxc1 30. Rxc1 Bd6 31. Qe6 Qa6 32. Bc7 Qa3 33. Bxb8 Qxc1 34. Qe8+
Kh7 35. Bxd6 1/2-1/2

[Event "XXV OOM - Mistrzostwa Polski Juniorow Mlodszych - Chlopcy do lat 12"]
[Site "Sielpia"]
[Date "1899-12-30"]
[Round "5.12"]
[White "Grot, Blazej"]
[Black "Wolski, Michal"]
[Result "1-0"]
[WhiteTitle "CM"]
[BlackTitle "II"]
[WhiteElo "1604"]
[BlackElo "1448"]

1. e4 c6 2. d4 d5 3. Nc3 dxe4 4. Nxe4 Bf5 5. Ng3 Bg6 6. h4 h6 7. f4 e6 8. Nf3 Nd7
9. h5 Bh7 10. Bd3 Bxd3 11. Qxd3 Qc7 12. Bd2 Ngf6 13. Ne5 Nxe5 14. fxe5 Nd7 15.
O-O-O O-O-O 16. Qe2 Be7 17. Rhf1 Rdf8 18. Kb1 c5 19. c3 Kb8 20. Bf4 cxd4 21. cxd4
Nb6 22. Rc1 Qd7 23. Rfd1 Nd5 24. Bd2 Rc8 25. Ne4 Rxc1+ 26. Rxc1 Rc8 27. Nc3 a6
28. Qf2 Nxc3+ 29. Bxc3 Bg5 30. Rd1 Qc7 31. a3 a5 32. Qe1 b6 33. Qe2 Qc6 34. Rf1
Rc7 35. g4 Ka7 36. Rd1 Qd5 37. Qd3 Qb3 38. Ka1 b5 39. d5 exd5 40. Bd4+ 1-0

[Event "XXV OOM - Mistrzostwa Polski Juniorow Mlodszych - Chlopcy do lat 12"]
[Site "Sielpia"]
[Date "1899-12-30"]
[Round "5.13"]
[White "Musial, Igor"]
[Black "Bochenek, Ryszard"]
[Result "1/2-1/2"]
[WhiteTitle "I"]
[BlackTitle "II"]
[WhiteElo "1602"]
[BlackElo "1433"]

1. e4 e6 2. d3 d5 3. Nd2 dxe4 4. dxe4 Nd7 5. Ngf3 Be7 6. g3 b6 7. Bg2 Bb7 8. O-O
Ngf6 9. e5 Ng4 10. Qe2 Nh6 11. Ne4 Nf5 12. Bf4 O-O 13. Rad1 Qc8 14. Rfe1 Nc5 15.
Nxc5 Bxc5 16. c3 a5 17. a3 a4 18. Nd4 Ne7 19. Be3 Bxg2 20. Kxg2 Nd5 21. f4 Qb7
22. Qf3 Nxe3+ 23. Rxe3 Qxf3+ 24. Kxf3 Bxd4 25. Rxd4 Ra5 26. c4 Rc5 27. Rc3 Re8
28. Rd7 Kf8 29. Rd4 Ke7 30. Rcd3 Kf8 31. Rd2 Ra8 32. g4 b5 1/2-1/2

[Event "XXV OOM - Mistrzostwa Polski Juniorow Mlodszych - Chlopcy do lat 12"]
[Site "Sielpia"]
[Date "1899-12-30"]
[Round "5.14"]
[White "Grzadka, Artur"]
[Black "Merecki, Antoni"]
[Result "1/2-1/2"]
[WhiteTitle "I"]
[BlackTitle "II"]
[WhiteElo "1585"]
[BlackElo "1177"]

1. d4 d5 2. c4 e6 3. Nc3 Nf6 4. cxd5 exd5 5. Bg5 Be7 6. Qc2 O-O 7. e3 c6 8. Bd3
h6 9. Bh4 Nbd7 10. Nge2 Re8 11. O-O Ne4 12. Bxe7 Qxe7 13. Bxe4 dxe4 14. Ng3 Nf6
15. a3 b6 16. Rfd1 Bb7 17. Rac1 Rad8 18. Qe2 Qe6 19. Nh5 Nd5 20. Nxd5 cxd5 21.
Rc7 Re7 22. Nf4 Qd6 23. Rxe7 Qxe7 24. Qb5 Qc7 25. Qb3 g5 26. Ne2 Ba6 27. Nc3 Bc4
28. Qc2 Rc8 29. Rc1 Qd7 30. b3 Bd3 31. Qb2 Kg7 32. h3 Rc7 33. Qd2 Qc8 34. Na2
Rc2 35. Rxc2 Qxc2 36. Qxc2 Bxc2 37. Nc1 Bd1 38. Kf1 f5 39. Ke1 Bh5 40. Na2 Be8
41. Nc3 Bc6 42. Kd2 Kf6 43. a4 a6 44. b4 b5 45. a5 h5 46. Ke2 g4 47. h4 Ke6 48.
g3 Kf6 49. Kf1 Kg6 50. Na2 Bb7 51. Nc1 Bc8 52. Ne2 Kh6 53. Nf4 Bb7 54. Ne6 Kg6
55. Ke1 Kh6 56. Nf4 Bc6 57. Ne6 Bb7 58. Nd8 Bc8 1/2-1/2

[Event "XXV OOM - Mistrzostwa Polski Juniorow Mlodszych - Chlopcy do lat 12"]
[Site "Sielpia"]
[Date "1899-12-30"]
[Round "5.15"]
[White "Malinowski, Szymon"]
[Black "Paszkowski, Krystian"]
[Result "1-0"]
[WhiteTitle "I"]
[BlackTitle "I"]
[WhiteElo "1494"]
[BlackElo "1727"]

1. d4 Nf6 2. Nf3 e6 3. Bg5 h6 4. Bh4 b6 5. Nbd2 Bb7 6. c3 Be7 7. e3 c5 8. Bd3 cxd4
9. exd4 Nc6 10. O-O Nh5 11. Bxe7 Nxe7 12. Ne5 Nf6 13. f3 O-O 14. Ne4 Ned5 15.
Qd2 d6 16. Nc4 Ne8 17. Ne3 Nf4 18. Ng3 Nxd3 19. Qxd3 Nf6 20. Rae1 Rc8 21. Ng4
Nxg4 22. fxg4 Qg5 23. h3 Rc7 24. Qe2 Rfc8 25. Kh2 Bd5 26. Qb5 Qd8 27. Qa4 Qg5
28. Rf2 Bc6 29. Qd1 Bb7 30. Qd3 b5 31. a3 a6 32. Nh5 Re8 33. Qg3 Rd7 34. h4 Qd5
35. g5 hxg5 36. hxg5 f6 37. Rxf6 Qxg2+ 38. Qxg2 Bxg2 39. Kxg2 gxf6 40. Nxf6+ Kf7
41. Nxd7 Re7 42. Nb6 Rc7 43. Kg3 Rc6 44. Nd7 Rc7 45. Nf6 Re7 46. Kg4 e5 47. dxe5
dxe5 48. Kf5 e4 49. Rxe4 Rb7 50. g6+ Kg7 51. Rh4 Rb6 52. Rh7+ Kf8 53. Rf7# 1-0

[Event "XXV OOM - Mistrzostwa Polski Juniorow Mlodszych - Chlopcy do lat 12"]
[Site "Sielpia"]
[Date "1899-12-30"]
[Round "5.16"]
[White "Rylski, Tadeusz"]
[Black "Ptaszynski, Szymon"]
[Result "1-0"]
[WhiteTitle "II+"]
[BlackTitle "II"]
[WhiteElo "1650"]
[BlackElo "1444"]

1. e4 c5 2. Nf3 e6 3. d4 cxd4 4. Nxd4 a6 5. c4 Nf6 6. Nc3 Qc7 7. Be2 b6 8. O-O
Bb7 9. f3 d6 10. Be3 Nbd7 11. a4 Rc8 12. a5 Be7 13. Nb3 O-O 14. axb6 Nxb6 15.
Na5 Ba8 16. Na4 Nfd7 17. Nxb6 Nxb6 18. b4 Qb8 19. Rb1 Rfd8 20. Qe1 Nd7 21. Qf2
Qc7 22. Rfc1 Re8 23. Nb3 Bb7 24. Na5 Ba8 25. Bd1 Ne5 26. Be2 Nd7 27. Bf4 Qb6 28.
Qxb6 Nxb6 29. c5 dxc5 30. Bxa6 cxb4 31. Bxc8 Rxc8 32. Rxc8+ Nxc8 33. Bd2 f5 34.
Bxb4 Kf7 35. Bxe7 Nxe7 36. Rb8 Bc6 37. Nxc6 Nxc6 38. Rb6 Ne7 39. e5 g5 40. Rb7
Kf8 41. Rb5 Kf7 42. g3 f4 43. gxf4 gxf4 44. Rb4 Nd5 45. Rb7+ Kg6 46. h4 h5 47.
Rb8 Kg7 48. Kf2 Ne7 49. Re8 Kf7 50. Rh8 Kg6 51. Rf8 Nd5 52. Ke2 Kg7 53. Re8 Kf7
54. Rh8 Kg6 55. Rg8+ Kh7 56. Re8 Kg6 57. Rxe6+ Kf5 58. Rh6 Kxe5 59. Rxh5+ Kd4
60. Rxd5+ Kxd5 1-0

[Event "XXV OOM - Mistrzostwa Polski Juniorow Mlodszych - Chlopcy do lat 12"]
[Site "Sielpia"]
[Date "1899-12-30"]
[Round "5.17"]
[White "Nowak, Filip"]
[Black "Jarocki, Gabriel"]
[Result "1/2-1/2"]
[WhiteTitle "I"]
[BlackTitle "II"]
[WhiteElo "1591"]
[BlackElo "1434"]

1. e4 c6 2. d4 d5 3. Nc3 dxe4 4. Nxe4 Nf6 5. Nxf6+ gxf6 6. Nf3 Bf5 7. Bd3 Bg6 8.
O-O e6 9. Bf4 Bd6 10. Bg3 Qc7 11. c4 Bxg3 12. hxg3 Nd7 13. a3 Nb6 14. Qc2 O-O-O
15. Rfd1 Bh5 16. Be2 Bxf3 17. Bxf3 h5 18. a4 h4 19. a5 Nd7 20. gxh4 Rxh4 21. g3
Rh6 22. b4 f5 23. Bg2 Nf6 24. Qb3 Kb8 25. b5 cxb5 26. cxb5 Nd5 27. Bxd5 exd5 28.
b6 Qc4 29. bxa7+ Kxa7 30. Qxc4 dxc4 31. Rac1 Rc6 32. d5 Rc5 33. d6 Rd7 34. Rd4
Rc6 35. Rcxc4 Rdxd6 36. Rxd6 Rxc4 37. Rd5 f4 38. Rf5 fxg3 39. fxg3 Rg4 40. Kf2
Rg7 41. Kf3 b6 42. axb6+ Kxb6 43. g4 Kc6 44. g5 Kd6 45. Kf4 Ke7 46. Rf6 Rg8 47.
Ra6 Rb8 48. Ra7+ Kf8 49. Kf5 1/2-1/2

[Event "XXV OOM - Mistrzostwa Polski Juniorow Mlodszych - Chlopcy do lat 12"]
[Site "Sielpia"]
[Date "1899-12-30"]
[Round "5.18"]
[White "Miler, Franciszek"]
[Black "Maslanka, Wojciech"]
[Result "1-0"]
[WhiteTitle "II"]
[BlackTitle "I"]
[WhiteElo "1431"]
[BlackElo "1541"]

1. e4 Nf6 2. e5 Nd5 3. d4 d6 4. c4 Nb6 5. exd6 exd6 6. Nc3 Be7 7. Bd3 Nc6 8. Nge2
Bg4 9. f3 Bh5 10. O-O Bg6 11. Bxg6 hxg6 12. b3 O-O 13. Be3 Re8 14. Qd2 Qd7 15.
d5 Nd8 16. a4 Bf6 17. a5 Nc8 18. Ng3 Ne7 19. Nge4 Bxc3 20. Qxc3 f5 21. Ng5 c6
22. Qd4 cxd5 23. Qh4 Nc8 24. Qh7+ Kf8 25. Qh8+ Ke7 26. Qxg7+ Nf7 27. Qxf7+ Kd8
28. Qf6+ Qe7 29. Qxe7+ Rxe7 30. Bd4 1-0